<?xml version='1.0' encoding='UTF-8'?>
  <record xmlns="http://www.loc.gov/MARC21/slim">
    <leader>00000ckm a2200000 i 4500</leader>
    <controlfield tag="001">on1054402201</controlfield>
    <controlfield tag="003">OCoLC</controlfield>
    <controlfield tag="005">20210211114817.3</controlfield>
    <controlfield tag="007">kl ao|</controlfield>
    <controlfield tag="008">180927s1719    xx nnn f          lnzxx d</controlfield>
    <datafield tag="040" ind1=" " ind2=" ">
      <subfield code="a">QGJ</subfield>
      <subfield code="b">eng</subfield>
      <subfield code="e">rda</subfield>
      <subfield code="c">QGJ</subfield>
      <subfield code="d">OCLCF</subfield>
      <subfield code="d">OCLCQ</subfield>
    </datafield>
    <datafield tag="035" ind1=" " ind2=" ">
      <subfield code="a">(OCoLC)1054402201</subfield>
    </datafield>
    <datafield tag="245" ind1="0" ind2="0">
      <subfield code="a">Spiegel, hackebord, galdery &amp; galjoen /</subfield>
      <subfield code="c">van Mr. Naish.</subfield>
    </datafield>
    <datafield tag="246" ind1="3" ind2=" ">
      <subfield code="a">Spiegel, hackebord, galdery en galjoen van Mr. Naish</subfield>
    </datafield>
    <datafield tag="246" ind1="3" ind2=" ">
      <subfield code="a">Spiegel, hakkebord, gaandery en galjoen van Mr. Naish</subfield>
    </datafield>
    <datafield tag="264" ind1=" " ind2="1">
      <subfield code="a">[Place of manufacture not identified],</subfield>
      <subfield code="c">[1719?]</subfield>
    </datafield>
    <datafield tag="300" ind1=" " ind2=" ">
      <subfield code="a">manuscript drawing ;</subfield>
      <subfield code="c">28 x 43 cm, on sheet 55 x 43 cm</subfield>
    </datafield>
    <datafield tag="336" ind1=" " ind2=" ">
      <subfield code="a">still image</subfield>
      <subfield code="b">sti</subfield>
      <subfield code="2">rdacontent</subfield>
    </datafield>
    <datafield tag="337" ind1=" " ind2=" ">
      <subfield code="a">unmediated</subfield>
      <subfield code="b">n</subfield>
      <subfield code="2">rdamedia</subfield>
    </datafield>
    <datafield tag="338" ind1=" " ind2=" ">
      <subfield code="a">sheet</subfield>
      <subfield code="b">nb</subfield>
      <subfield code="2">rdacarrier</subfield>
    </datafield>
    <datafield tag="500" ind1=" " ind2=" ">
      <subfield code="a">Technical drawing of H.M.S. Royal William (1719-1813)?</subfield>
    </datafield>
    <datafield tag="650" ind1=" " ind2="0">
      <subfield code="a">Warships in art.</subfield>
    </datafield>
    <datafield tag="650" ind1=" " ind2="7">
      <subfield code="a">Warships in art.</subfield>
      <subfield code="2">fast</subfield>
      <subfield code="0">(OCoLC)fst01170889</subfield>
    </datafield>
    <datafield tag="700" ind1="1" ind2=" ">
      <subfield code="a">Naish, John,</subfield>
      <subfield code="d">active 1705-1726</subfield>
    </datafield>
  </record>